Les 10 acteurs les mieux payés en 2023 - Statistiques

Statistiques générales
  • Ce quiz a été pris 113 fois
  • Le résultat moyen est 3 sur 10
Statistiques - réponses
Classements Comédiens % Correct
3: 45 Millions$ Tom Cruise
65%
4: 43 Millions $ Ryan Gosling
56%
7: 41 Millions $ Leonardo DiCaprio
54%
2: 59 Millions $ Margot Robbie
47%
5: 43 Millions $ Matt Damon
29%
1: 73 Millions $ Adam Sandler
21%
6: 42 Millions $ Jennifer Aniston
13%
9: 38 Millions $ Ben Affleck
10%
10: 24 Millions $ Denzel Washington
9%
8: 41 Millions $ Jason Statham
7%
Aucun quiz correspondant
Distribution des résultats
% des personnes avec chaque résultat
Percentile par nombre de réponses
Votre historique - résultats
Vous n’avez pas pris ce quiz